000 00267nam a22001217a 4500
008 170613b xxu||||| |||| 00| 0 eng d
041 _aeng
080 _a32
100 _a19
101 _aSHM
245 _aLABOR AND POLITICS IN PERY
_cPAYNE.J.L
942 _2udc
_cBK
999 _c17210
_d17210